Goethe: 1749-1932
Gespeichert in:
| 1. Verfasser: | |
|---|---|
| Format: | Buch |
| Sprache: | Undetermined |
| Veröffentlicht: |
París, Francia
UNESCO
1949
|
| Schlagworte: | |
| Tags: |
Tag hinzufügen
Keine Tags, Fügen Sie den ersten Tag hinzu!
|
MARC
| LEADER | 00000nam a2200000Ia 4500 | ||
|---|---|---|---|
| 008 | 170316s9999 xx 000 0 und d | ||
| 040 | |a cru BVZT | ||
| 090 | |a 830 W-3.1g | ||
| 100 | |a Weidlé, Wladimir | ||
| 245 | |a Goethe: 1749-1932 | ||
| 260 | |a París, Francia | ||
| 260 | |b UNESCO | ||
| 260 | |c 1949 | ||
| 300 | |a 38 páginas | ||
| 650 | |a LITERATURA ALEMANA | ||
| 999 | |c 7450 |d 7450 | ||
| 942 | |c 15 D |h 830 W-3.1g |2 z | ||
